000 00598nam a2200229Ia 4500
003 OSt
005 20220924115252.0
006 a|||||r|||| 00| 0
007 ta
008 220923b |||||||| |||| 00| 0 urd d
024 _a313146
037 _cTextual
040 _aARTS
_cARTS
_burd
041 _2urd
_aurd
082 _aO168,1M31x, H6
100 _aAbdul Haq
_9169372
245 0 _aIntkhab-e-Dagh
260 _aDelhi
_bAnjuman Taraqqi Urdu India
_c1946
650 _aURDU POETRY
942 _hO168,1M31x, H6
_cTEXL
_2CC
999 _c397529
_d397529